[Event "Mittelrhein Verbandsliga-W 18/19"]
[Site "Nordrheinwestfalen"]
[Date "2019.01.20"]
[Round "6.3"]
[White "Krings, Thomas"]
[Black "Kinderreich, Toni"]
[Result "1/2-1/2"]
[WhiteElo "2026"]
[BlackElo "2057"]
[PlyCount "120"]
[EventDate "2018.09.02"]
[EventType "team-tourn"]
[EventRounds "11"]
[EventCountry "GER"]
[SourceTitle "EXT 2022"]
[Source "ChessBase"]
[SourceDate "2021.10.06"]
[SourceVersion "1"]
[SourceVersionDate "2021.10.06"]
[SourceQuality "1"]
[WhiteTeam "Horrem"]
[BlackTeam "Eschweiler SC"]
[WhiteTeamCountry "GER"]
[BlackTeamCountry "GER"]

1. d4 Nf6 2. Bg5 g6 3. Bxf6 exf6 4. e3 Bg7 5. g3 0-0 6. Bg2 Re8 7. Ne2 d6 8. 0-0 c6 9. c4 f5 10. Nbc3 Nd7 11. b4 Nf6 12. Qc2 h5 13. b5 Bd7 14. Rab1 h4 15. bxc6 bxc6 16. Rb7 hxg3 17. hxg3 Bh6 18. Qa4 d5 19. Rxa7 Rxa7 20. Qxa7 f4 21. Nxf4 Bxf4 22. exf4 Bf5 23. Qc5 Bd3 24. Rc1 Bxc4 25. Qxc6 Re6 26. Qc5 Kg7 27. Bf3 Ra6 28. a4 g5 29. fxg5 Nd7 30. Qa3 Qxg5 31. Rd1 Rh6 32. Qc1 Qf5 33. Bg2 Qh5 34. f3 Qh2+ 35. Kf2 Rg6 36. Qf4 Qh8 37. Rh1 Qd8 38. Qh4 Qb8 39. Qh7+ Kf8 40. Qh8+ Rg8 41. Qh6+ Rg7 42. g4 Qb2+ 43. Kg3 f6 44. Qe3 Qb8+ 45. Qf4 Qb4 46. Rh8+ Ke7 47. Qe3+ Kd6 48. Qf4+ Ke7 49. Qe3+ Kd6 50. Re8 Kc7 51. f4 f5 52. Nxd5+ Bxd5 53. Bxd5 Rxg4+ 54. Kf3 Qb2 55. Qe2 Qc3+ 56. Re3 Qa1 57. Qe1 Qxa4 58. Qc1+ Kd8 59. Rc3 Nb6 60. Bb3 Qxd4 1/2-1/2

[Event "NRW Class2 1314"]
[Site "Germany"]
[Date "2014.04.27"]
[Round "9.7"]
[White "Kinderreich, Toni"]
[Black "Grobbel, Rainer"]
[Result "1/2-1/2"]
[WhiteElo "2061"]
[BlackElo "2089"]
[PlyCount "69"]
[EventDate "2013.09.15"]
[EventType "team-tourn"]
[EventRounds "9"]
[EventCountry "GER"]
[SourceTitle "EXT 2015"]
[Source "ChessBase"]
[SourceDate "2014.11.20"]
[SourceVersion "1"]
[SourceVersionDate "2014.11.20"]
[SourceQuality "1"]
[WhiteTeam "Wuerselen"]
[BlackTeam "Lippstadt Turm"]
[WhiteTeamCountry "GER"]
[BlackTeamCountry "GER"]

1. Nf3 g6 2. d4 Nf6 3. Bf4 Bg7 4. e3 0-0 5. Nbd2 b6 6. Be2 Bb7 7. c3 d6 8. Qc2 Nbd7 9. 0-0 Re8 10. Rad1 e5 11. dxe5 dxe5 12. Bg3 Qe7 13. Nc4 Ne4 14. Bh4 f6 15. b4 Red8 16. Nfd2 Nxd2 17. Rxd2 Nf8 18. Rfd1 Rxd2 19. Rxd2 e4 20. Qb3 Kh8 21. Qd1 g5 22. Bg3 f5 23. Rd5 Bxd5 24. Qxd5 Rd8 25. Qxf5 Bxc3 26. Ne5 Rd2 27. Bh5 Kg7 28. Nc6 Qf6 29. Qxe4 Rxa2 30. h4 Ng6 31. Bxg6 Qxg6 32. Qe7+ Qf7 33. Qxg5+ Qg6 34. Qe7+ Qf7 35. Qg5+ 1/2-1/2

[Event "Mittelrhein-chT 1112"]
[Site "Germany"]
[Date "2011.10.23"]
[Round "3.4"]
[White "Schiffers, Sascha"]
[Black "Kinderreich, Toni"]
[Result "0-1"]
[WhiteElo "2008"]
[BlackElo "2008"]
[PlyCount "66"]
[EventDate "2011.09.11"]
[EventType "team-tourn"]
[EventRounds "13"]
[EventCountry "GER"]
[SourceTitle "EXT 2013"]
[Source "ChessBase"]
[SourceDate "2012.11.22"]
[SourceVersion "1"]
[SourceVersionDate "2012.11.22"]
[SourceQuality "1"]
[WhiteTeam "Aachen Hoern"]
[BlackTeam "Wuerselen"]
[WhiteTeamCountry "GER"]
[BlackTeamCountry "GER"]

1. e4 d5 2. exd5 Nf6 3. d4 Nxd5 4. Nf3 g6 5. Bg5 Bg7 6. c3 0-0 7. Qd2 Bf5 8. Na3 c6 9. h4 Nf6 10. Bh6 Qd5 11. Bxg7 Qe4+ 12. Be2 Kxg7 13. Ng5 Qd5 14. h5 e5 15. hxg6 Bxg6 16. Bc4 Qd6 17. 0-0-0 Nbd7 18. Nxh7 Nxh7 19. Qh6+ Kh8 20. dxe5 Qe7 21. f4 Rfd8 22. g4 Be4 23. Bd3 Bxd3 24. Rxd3 Ndf8 25. Rdh3 Kg8 26. Rh5 f6 27. exf6 Qe3+ 28. Kb1 Qe4+ 29. Ka1 Rd7 30. Rg5+ Nxg5 31. Qh8+ Kf7 32. fxg5 Rad8 33. Rb1 Qh7 0-1